000 00668nam a2200253Ia 4500
003 OSt
005 20221007072820.0
006 a|||||r|||| 00| 0
007 ta
008 221006b |||||||| |||| 00| 0 eng d
024 _a36,208
037 _cTextual
040 _aFLL
_cFLL
_beng
041 _2eng
_aeng
082 _aZ3:3y7, K1;K9;1
100 _aSmith J.C.
245 0 _aCasebook on contract
250 _a4th
260 _aLondon
_bSweet And Maxwell India
_c1969
300 _axxvii,560p
_ccm.
700 _a Thomas J.A.C.
_9283114
942 _hZ3:3y7, K1;K9;1
_cTEXL
_2CC
999 _c1147022
_d1147022